000
00330nam a2200145Ia 4500
008
191201s2012 xx 000 0 und d
082
_a
338.5
_b
MIM
100
_a
MITTAL,Abha
245
0
_a
Macro Economics
250
_a
1st
260
_a
N. Delhi
_b
S Chand and Co. Ltd.
_c
2012
300
_a
347
650
_a
MBA
942
_2
ddc
_c
BK
999
_c
5202
_d
5202